<?xml version="1.0" encoding="UTF-8"?>
<record
    xmlns:xsi="http://www.w3.org/2001/XMLSchema-instance"
    xsi:schemaLocation="http://www.loc.gov/MARC21/slim http://www.loc.gov/standards/marcxml/schema/MARC21slim.xsd"
    xmlns="http://www.loc.gov/MARC21/slim">

  <leader>00986nam0a2200277   4500</leader>
  <controlfield tag="001">RU\NLR\BIBL_A\012515727</controlfield>
  <controlfield tag="005">20250128194045.0</controlfield>
  <datafield tag="010" ind1=" " ind2=" ">
    <subfield code="a">978-5-6044885-6-0</subfield>
    <subfield code="9">500</subfield>
  </datafield>
  <datafield tag="021" ind1=" " ind2=" ">
    <subfield code="a">RU</subfield>
    <subfield code="b">&#x41A;&#x41D;-&#x41F;-20-079088</subfield>
    <subfield code="9">&#x41A;&#x41D;-&#x41F;-20-5993</subfield>
  </datafield>
  <datafield tag="035" ind1=" " ind2=" ">
    <subfield code="a">(NLR Aleph) 012515727</subfield>
  </datafield>
  <datafield tag="090" ind1=" " ind2=" ">
    <subfield code="a">13303847</subfield>
    <subfield code="c">13303847</subfield>
  </datafield>
  <datafield tag="100" ind1=" " ind2=" ">
    <subfield code="a">20210512d2020    m  y0rusy50      ca</subfield>
  </datafield>
  <datafield tag="101" ind1="0" ind2=" ">
    <subfield code="a">tat</subfield>
  </datafield>
  <datafield tag="102" ind1=" " ind2=" ">
    <subfield code="a">RU</subfield>
  </datafield>
  <datafield tag="105" ind1=" " ind2=" ">
    <subfield code="a">y   z   000 y</subfield>
  </datafield>
  <datafield tag="200" ind1="1" ind2=" ">
    <subfield code="a">&#x421;&#x44B;&#x43D;&#x430;&#x43B;&#x433;&#x430;&#x43D; &#x43C;&#x4D9;&#x445;&#x4D9;&#x431;&#x431;&#x4D9;&#x442;</subfield>
    <subfield code="e">&#x43F;&#x43E;&#x432;&#x435;&#x441;&#x442;&#x44C;</subfield>
    <subfield code="f">&#x413;&#x430;&#x43B;&#x438;&#x44F; &#x421;&#x430;&#x444;&#x438;&#x443;&#x43B;&#x43B;&#x438;&#x43D;&#x430;</subfield>
  </datafield>
  <datafield tag="210" ind1=" " ind2=" ">
    <subfield code="a">&#x41A;&#x430;&#x437;&#x430;&#x43D;</subfield>
    <subfield code="c">&#x410;&#x43A; &#x411;&#x4AF;&#x440;&#x435;</subfield>
    <subfield code="d">2020</subfield>
  </datafield>
  <datafield tag="215" ind1=" " ind2=" ">
    <subfield code="a">206,[1] &#x431;.</subfield>
    <subfield code="d">21</subfield>
  </datafield>
  <datafield tag="541" ind1="1" ind2=" ">
    <subfield code="6">z01790</subfield>
    <subfield code="a">&#x41B;&#x44E;&#x431;&#x43E;&#x432;&#x44C;, &#x438;&#x441;&#x43F;&#x44B;&#x442;&#x430;&#x43D;&#x43D;&#x430;&#x44F; &#x432;&#x440;&#x435;&#x43C;&#x435;&#x43D;&#x435;&#x43C;</subfield>
    <subfield code="e">[&#x43F;&#x43E;&#x432;&#x435;&#x441;&#x442;&#x44C;].</subfield>
    <subfield code="z">rus</subfield>
  </datafield>
  <datafield tag="686" ind1="1" ind2=" ">
    <subfield code="a">&#x428;6(2=&#x422;&#x430;&#x442;)7-4</subfield>
  </datafield>
  <datafield tag="700" ind1=" " ind2="1">
    <subfield code="a">&#x421;&#x430;&#x444;&#x438;&#x443;&#x43B;&#x43B;&#x438;&#x43D;&#x430;</subfield>
    <subfield code="b">&#x413;. &#x421;. &#x43A;&#x44B;&#x437;&#x44B;</subfield>
    <subfield code="g">&#x413;&#x430;&#x43B;&#x438;&#x44F; &#x421;&#x4D9;&#x43B;&#x438;&#x43C; &#x43A;&#x44B;&#x437;&#x44B;</subfield>
    <subfield code="4">070</subfield>
  </datafield>
  <datafield tag="790" ind1=" " ind2="1">
    <subfield code="6">z01541</subfield>
    <subfield code="a">&#x421;&#x430;&#x444;&#x438;&#x443;&#x43B;&#x43B;&#x438;&#x43D;&#x430;</subfield>
    <subfield code="b">&#x413;. &#x421;.</subfield>
    <subfield code="g">&#x413;&#x430;&#x43B;&#x438;&#x44F; &#x421;&#x430;&#x43B;&#x438;&#x43C;&#x43E;&#x432;&#x43D;&#x430;</subfield>
    <subfield code="4">070</subfield>
  </datafield>
  <datafield tag="852" ind1=" " ind2=" ">
    <subfield code="a">NLR</subfield>
    <subfield code="b">&#x41E;&#x41D;&#x41B;</subfield>
    <subfield code="j">&#x422;&#x430;&#x442;&#x430;&#x440;./3-15472</subfield>
  </datafield>
  <datafield tag="942" ind1=" " ind2=" ">
    <subfield code="c">BOOK</subfield>
  </datafield>
  <datafield tag="980" ind1=" " ind2=" ">
    <subfield code="a">NB</subfield>
  </datafield>
  <datafield tag="995" ind1=" " ind2=" ">
    <subfield code="5">2021-05-12</subfield>
    <subfield code="a">ad</subfield>
    <subfield code="b">NLR01</subfield>
    <subfield code="c">NLR01</subfield>
    <subfield code="e">ONL</subfield>
    <subfield code="f">1-3002508</subfield>
    <subfield code="k">&#x41E;&#x41D;&#x41B; &#x422;&#x430;&#x442;&#x430;&#x440;./3-15472</subfield>
    <subfield code="o">0</subfield>
    <subfield code="r">BOOK</subfield>
    <subfield code="s">_315472</subfield>
  </datafield>
</record>
